=LDR 00000nam 2200000 4500 =001 INLIS000000000029805 =005 20130612132016 =008 ***********************************Ind** =035 ##$$0010-061300000029805 =041 ##$$a Ind =082 ##$$a 330.1 =090 ##$$a 330.1, Sub i =100 ##$$a Subroto, OJ =245 ##$$a Ilmu pengetahuan sosial ekonomi 1 SMP/MTs VII, D.J Subroto, Daru Wahyuni ; editor, Endang Mutyani =260 ##$$a 2008 $b Jakarta =300 ##$$a xi, 114 hlm, ilus, 25 cm =650 ##$$a Ekonomi =850 ##$$a NBPNMAT